Most Googled Cost-of-Something by Country Quiz Stats

 Plays Quiz not verified by Sporcle

Also try: Top 5: US States
Challenge
Share
Tweet
Embed
Score 0/25 Timer 05:00
0 Plays Today
Number of Countries Item/Phrase % Correct
2car
77%
2pint
72.1%
14beer
70.5%
3build a house
70.5%
9house
68.9%
7food
62.3%
2meal
62.3%
2petrol
37.7%
3bread
34.4%
12prostitute
32.8%
3coke
29.5%
5to live
18%
2taxi
16.4%
Number of Countries Item/Phrase % Correct
11wedding
13.1%
8cow
13.1%
3to travel
13.1%
6camel
9.8%
3to study
9.8%
2to ride a camel
9.8%
3funeral
6.6%
2safari
4.9%
2Ferrari
4.9%
2PS3
3.3%
2to retire
3.3%
2honeymoon
3.3%

You're not logged in!

Compare scores with friends on all Sporcle quizzes.
OR
Log In

You Might Also Like...

Show Comments

Extras

Top Quizzes Today


Score Distribution

Your Account Isn't Verified!

In order to create a playlist on Sporcle, you need to verify the email address you used during registration. Go to your Sporcle Settings to finish the process.

Report this User

Report this user for behavior that violates our Community Guidelines.

Details: